Alarma remota para estación sismológica
Guardado en:
| Hovedforfatter: | |
|---|---|
| Format: | Bog |
| Udgivet: |
[San José, Costa Rica]
2007
|
| Fag: | |
| Tags: |
Tilføj Tag
Ingen Tags, Vær først til at tagge denne postø!
|
MARC
| LEADER | 00000nam a2200000Ia 4500 | ||
|---|---|---|---|
| 003 | 009962 | ||
| 005 | 20221231144107.0 | ||
| 008 | 140114s2007 cr a 000 ||s d | ||
| 040 | |c cru CEDI | ||
| 090 | |a TFG 5491 | ||
| 100 | |a Brenes Barrantes, Luis Fernando |9 4779 | ||
| 245 | |a Alarma remota para estación sismológica | ||
| 260 | |c 2007 |b [San José, Costa Rica] | ||
| 300 | |a x, 56 hojas; ilustraciones (algunas a color) | ||
| 500 | |a Proyecto de graduación (bachillerato en ingeniería eléctrica)--Universidad de Costa Rica. Facultad de Ingeniería. Escuela de Ingeniería Eléctrica | ||
| 650 | |x CONTROL AUTOMATICO |x SISTEMAS DE TRANSMISION DE DATOS |x SISTEMAS ELECTRONICOS DE ALARMA |x AUTOMATIZACION |x SISMOLOGIA |9 4780 | ||
| 942 | |c TFG | ||
| 999 | |c 16783 |d 16783 | ||
